书目信息 |
| 题名: |
徒手格斗操练手册
|
|
| 作者: | 希林福特 著 ;李中玉 , 李茵 译 | |
| 分册: | ||
| 出版信息: | 沈阳 辽宁教育出版社 2002 |
|
| 页数: | 192页 | |
| 开本: | 22cm | |
| 丛书名: | ||
| 单 册: | ||
| 中图分类: | E846 | |
| 科图分类: | ||
| 主题词: | 擒拿方法(体育)--美国 | |
| 电子资源: | ||
| ISBN: | 7-5382-6240-7 | |
| 000 | 00698nam0 2200229 45 | |
| 001 | 0402070881 | |
| 005 | 20040207084112.4 | |
| 010 | @a7-5382-6240-7@dCNY20.00 | |
| 100 | @a20040207d2002 km y0chiy0120 ea | |
| 101 | 0 | @achi@ceng |
| 105 | @aa z 000yy | |
| 200 | 1 | @a徒手格斗操练手册@ATu Shou Ge Dou Cao Lian Shou Ce@f(美)希林福特著@F(Mei)Xi Lin Fu Te Zhu@g李中玉,李茵译 |
| 210 | @a沈阳@c辽宁教育出版社@d2002 | |
| 215 | @a192页@c照片@d22cm | |
| 300 | @a特种部队训练教程 | |
| 606 | 0 | @a擒拿方法(体育)@y美国 |
| 690 | @aE846@v4 | |
| 701 | 0 | @a希林福特@4著 |
| 702 | 0 | @a李中玉@ALi Zhong Yu@4译 |
| 702 | 0 | @a李茵@ALi Yin@4译 |
| 801 | @aCN@bTSTCL@c20040207 | |
| 905 | @b334048-051@dE846@e18@f4 | |
| 徒手格斗操练手册/(美)希林福特著/李中玉,李茵译.-沈阳:辽宁教育出版社,2002 |
| 192页:照片;22cm |
| 特种部队训练教程 |
| ISBN 7-5382-6240-7:CNY20.00 |
| ● |
| 相关链接 |
|
|
|
|
正题名:徒手格斗操练手册
索取号:E846/18
 
预约/预借
| 序号 | 登录号 | 条形码 | 馆藏地/架位号 | 状态 | 备注 |
| 1 | 0334048 | 203340483 | 第一借阅区/ [索取号:E846/18] | 在馆 | |
| 2 | 0334049 | 203340492 | 第一借阅区/ [索取号:E846/18] | 在馆 | |
| 3 | 0334050 | 203340508 | 第一借阅区/ [索取号:E846/18] | 在馆 | |
| 4 | 0334051 | 203340517 | 第一样本阅览室/ [索取号:E846/18] | 在馆 |